|
|
|
|
| LEADER |
00000ny a22000003n 4500 |
| 005 |
20110517140518.0 |
| 008 |
100909s2010 bl 000 0 por d |
| 022 |
|
|
|a 1982-7639
|
| 035 |
|
|
|a 4934
|
| 040 |
|
|
|a BUS
|d vLex
|
| 080 |
|
|
|a 343.1(81)(05)
|
| 080 |
|
|
|a 343.9(81)(05)
|
| 090 |
|
|
|c 2036
|d 2036
|
| 245 |
0 |
0 |
|a Revista electrn̤ica de Direito Processual
|h [Recurso electrn̤ico]
|
| 256 |
|
|
|a Servicio en ln̕ea
|
| 260 |
|
|
|a Rio de Janeiro :
|b REDP
|
| 506 |
1 |
|
|a Contenido solo disponible en los productos indicados
|d vLex Global
|d vLex Global (Academic Edition, excluding Law Schools)
|d vLex Global (U.S. Academic Edition, Law Schools)
|d vLex Global (U.S. Academic Edition, excluding Law Schools)
|d vLex Global (Academic Edition, Law Schools)
|
| 650 |
0 |
4 |
|a Procedimiento (Derecho)
|z Brasil
|x Publicaciones perid̤icas
|
| 740 |
0 |
|
|a vLex Revista (Servicios en ln̕ea)
|
| 843 |
|
|
|a Electrn̤ica. Abierta
|
| 853 |
|
|
|8 1
|i (year)
|j (month)
|k (day)
|
| 856 |
4 |
0 |
|z Acceso restringido
|u http://vlex.com/source/revista-eletronica-direito-processual-4934
|
| 942 |
|
|
|c REV
|